000 00532cam a2200169 4500500
005 20260405001414.0
041 _afre
042 _adc
100 1 0 _aDuru, Martin
_eauthor
245 0 0 _aDescartes et le Discours de la méthode
260 _c2012.
500 _a35
690 _aDescartes
690 _aDiscours de la méthode
786 0 _nPhilosophie magazine | 65 | 12 | 2012-12-01 | p. 47-47 | 1951-1787
856 4 1 _uhttps://shs.cairn.info/magazine-philosophie-magazine-2012-12-page-47?lang=fr&redirect-ssocas=7080
999 _c2047316
_d2047316